Movies Quiz

Random Movies or Oscar Quiz

Four-time Actor Oscar Nominees Quiz Stats

 Plays Quiz not verified by Sporcle

Also try: Mufasa or Vader?
Challenge
Share
Tweet
Embed
Score 0/22 Timer 05:00
0 Plays Today
Movies Actor % Correct
Dead Poets Society, The Fisher King, Good Morning Vietnam, Good Will HuntingRobin Williams
98.4%
Amistad, Nixon, The Remains of the Day, The Silence of the LambsAnthony Hopkins
97.6%
Bugsy, Gandhi, House of Sand and Fog, Sexy BeastBen Kingsley
94.4%
Capote, Charlie Wilson's War, Doubt, The MasterPhilip Seymour Hoffman
92.7%
The Descendants, Michael Clayton, Syriana, Up in the AirGeorge Clooney
92.7%
The Fugitive, In the Valley of Elah, JFK, LincolnTommy Lee Jones
88.7%
Bonnie and Clyde, Bugsy, Heaven Can Wait, RedsWarren Beatty
88.7%
Ali, Coming Home, Midnight Cowboy, Runaway TrainJon Voight
87.9%
Argo, The Heart is a Lonely Hunter, Little Miss Sunshine, The Russians Are Coming the Russians Are ComingAlan Arkin
86.3%
Anatomy of a Murder, The Hospital, The Hustler, PattonGeorge C. Scott
85.5%
The Bridge on the River Kwai, The Lavender Hill Mob, Little Dorrit, Star WarsAlec Guinness
84.7%
Movies Actor % Correct
The King's Speech, Quills, Shakespeare in Love, ShineGeoffrey Rush
83.9%
Apollo 13, The Hours, Pollock, The Truman ShowEd Harris
83.9%
A History of Violence, Broadcast News, Children of a Lesser God, Kiss of the Spider WomanWilliam Hurt
76.6%
Atlantic City, Birdman of Alcatraz, Elmer Gantry, From Here to EternityBurt Lancaster
73.4%
Alexis Zorbas, Lust for Life, Viva Zapata!, Wild is the WindAnthony Quinn
66.9%
A Place in the Sun, From Here to Eternity, Judgment at Nuremberg, The SearchMontgomery Clift
50%
Babes in Arms, The Black Stallion, The Bold and the Brave, The Human ComedyMickey Rooney
47.6%
All That Money Can Buy, Dodsworth, The Treasure of the Sierra Madre, Yankee Doodle DandyWalter Huston
46.8%
Casablanca, Mr. Skeffington, Mr. Smith Goes to Washington, NotoriousClaude Rains
37.9%
Come and Get It, Kentucky, Sergeant York, The WesternerWalter Brennan
37.9%
Algiers, Conquest, Fanny, GaslightCharles Boyer
35.5%

You're not logged in!

Compare scores with friends on all Sporcle quizzes.
OR
Log In

You Might Also Like...

Show Comments

Extras

Top Quizzes Today


Score Distribution

Your Account Isn't Verified!

In order to create a playlist on Sporcle, you need to verify the email address you used during registration. Go to your Sporcle Settings to finish the process.

Report this User

Report this user for behavior that violates our Community Guidelines.

Details: